مكتبة جامعة عجلون الوطنية

فهرس بحث المكتبة

قلعة صلاح الدين الأيوبي وما حولها من الآثار (Record no. 19791)

MARC details
000 -LEADER
fixed length control field 00790nam a2200217Ii 4500
003 - CONTROL NUMBER IDENTIFIER
control field JO-AjNU
008 - FIXED-LENGTH DATA ELEMENTS--GENERAL INFORMATION
fixed length control field 230605s9999||||xx |||||||||||||| ||und||
017 ## - COPYRIGHT OR LEGAL DEPOSIT NUMBER
Copyright or legal deposit number 1971/3376
040 ## - CATALOGING SOURCE
Original cataloging agency JO-AjNU
Language of cataloging ara
Description conventions rda
Transcribing agency JO-AjNU
041 ## - LANGUAGE CODE
Language code of text/sound track or separate title ara
050 14 - LIBRARY OF CONGRESS CALL NUMBER
Classification number DT62.A2246 1971
100 3# - MAIN ENTRY--PERSONAL NAME
Personal name تاليف زكي، عبد الرحمن,
Relator term author
9 (RLIN) 38585
245 00 - TITLE STATEMENT
Title قلعة صلاح الدين الأيوبي وما حولها من الآثار
264 31 - PRODUCTION, PUBLICATION, DISTRIBUTION, MANUFACTURE, AND COPYRIGHT NOTICE
Place of production, publication, distribution, manufacture القاهرة: الهيئة المصرية العامة للكتاب،1971
300 ## - PHYSICAL DESCRIPTION
Extent 231ص
Other physical details خرائط وصور توضيخية
336 ## - CONTENT TYPE
Content type term text
Content type code txt
Source rdacontent
337 ## - MEDIA TYPE
Media type term unmediated
Media type code n
Source rdamedia
338 ## - CARRIER TYPE
Carrier type term volume
Carrier type code nc
Source rdacarrier
490 0# - SERIES STATEMENT
Series statement المكتبة العربية
650 #4 - SUBJECT ADDED ENTRY--TOPICAL TERM
Topical term or geographic name entry element مصر-اثار -تاريخ
9 (RLIN) 38586
Holdings
Withdrawn status Lost status Source of classification or shelving scheme Damaged status Not for loan Home library Current library Shelving location Date acquired Total Checkouts Full call number Barcode Date last seen Price effective from Koha item type
    Library of Congress Classification     مكتبة جامعة عجلون الوطنية مكتبة جامعة عجلون الوطنية المجموعات العامة 06/06/2023   DT62.A2246 1971 A16223 06/06/2023 06/06/2023 Books